Quo Vadis tiểu thuyết
Uloženo v:
| Médium: | Kniha |
|---|---|
| Vydáno: |
H.
Văn học
1986
|
| Tagy: |
Přidat tag
Žádné tagy, Buďte první, kdo otaguje tento záznam!
|
| Thư viện lưu trữ: | Mạng thư viện Đại học Đà Nẵng |
|---|
| LEADER | 00500nam a2200205 4500 | ||
|---|---|---|---|
| 001 | 000004759 | ||
| 003 | 900 | ||
| 005 | 20150812140843.0 | ||
| 008 | 110804s1986 sd | ||
| 245 | 0 | 0 | |a Quo Vadis |b tiểu thuyết |
| 260 | |a H. |b Văn học |c 1986 | ||
| 774 | |h 434 tr. |w 902 | ||
| OWN | |a LSP | ||
| 999 | |a From the UDN01 | ||
| TYP | |a Monograph | ||
| TYP | |a Printed language | ||
| 980 | |a Mạng thư viện Đại học Đà Nẵng | ||